000 00605nam a22002537a 4500
001 22554
003 UA-OsUOA
005 20230115135241.0
007 ta
008 20031222b un ||||| |||| 00| 0 ukr d
020 _a5-250-02744-Х
040 _aUA-OsUOA
_brus
_cUA-OsUOA
_dUA-OsUOA
041 _arus
044 _aRU
080 _a17.02
090 _a17.02
_bА31
100 _aАдорно Т. В.
245 _aПроблемы философии морали
260 _aМосква
_bРеспублика
_c2000
300 _a239 с.
650 7 _2UDC
942 _cBK
_2udc
955 _a0
999 _c308775
_d308775